000 00442pab a2200157 454500
008 180718b2011 xxu||||| |||| 00| 0 eng d
100 _aRoberts, Nancy C.
245 _aBeyond smokestacks and silos: Open-source, web-enabled coordination in organizations and networks
260 _c2011
300 _ap.677-693.
362 _aSep-Oct
650 _aOrganizations
773 _aPublic Administration Review
908 _aN
909 _a93405
999 _c93405
_d93405